Top 500 Songs on Apple Music - Statistics

General Stats
  • This quiz has been taken 224 times
    204 since last reset
  • The average score is 335 of 500
Answer Stats
Song rank! Answer % Correct
1 Shape of You Ed Sheeran
99%
8 Perfect Ed Sheeran
99%
64 Thinking Out Loud Ed Sheeran
99%
183 Bad Habits Ed Sheeran
99%
192 Castle on the Hill Ed Sheeran
99%
201 Photograph Ed Sheeran
99%
262 The A Team Ed Sheeran
99%
265 Shivers Ed Sheeran
99%
411 Galway Girl Ed Sheeran
99%
131 I Don't Care Ed Sheeran | Justin Bieber
99%
454 Beautiful People Khalid | Ed Sheeran
99%
44 Work Rihanna | Drake
98%
12 Starboy The Weeknd | Daft Punk
98%
110 I Feel It Coming The Weeknd | Daft Punk
98%
422 Die With A Smile Bruno Mars | Lady Gaga
97%
225 Love the Way You Lie Eminem | Rihanna
97%
137 Low Life Future | The Weeknd
97%
459 APT. ROSE | Bruno Mars
97%
473 Young, Wild & Free Snoop Dogg | Wiz Khalifa | Bruno Mars
97%
57 Cruel Summer Taylor Swift
97%
80 Blank Space Taylor Swift
97%
97 Lover Taylor Swift
97%
107 Shake It Off Taylor Swift
97%
120 Wildest Dreams Taylor Swift
97%
125 Love Story Taylor Swift
97%
151 Style Taylor Swift
97%
187 You Need To Calm Down Taylor Swift
97%
200 You Belong With Me Taylor Swift
97%
221 Anti-Hero Taylor Swift
97%
271 Look What You Made Me Do Taylor Swift
97%
456 Delicate Taylor Swift
97%
477 cardigan Taylor Swift
97%
2 Blinding Lights The Weeknd
97%
51 Die For You The Weeknd
97%
79 The Hills The Weeknd
97%
109 Call Out My Name The Weeknd
97%
163 Save Your Tears The Weeknd
97%
165 Can't Feel My Face The Weeknd
97%
328 Heartless The Weeknd
97%
421 I Don't Wanna Live Forever (Fifty Shades Darker) ZAYN | Taylor Swift
97%
59 That's What I Like Bruno Mars
96%
149 24K Magic Bruno Mars
96%
188 When I Was Your Man Bruno Mars
96%
220 Just the Way You Are Bruno Mars
96%
317 Locked Out Of Heavan Bruno Mars
96%
441 Talking to the Moon Bruno Mars
96%
462 For Free DJ Khaled | Drake
96%
285 Godzilla Eminem | Juice WRLD
96%
410 Wake Up in the Sky Gucci Mane | Kodak Black | Bruno Mars
96%
424 Poetic Justice Kendrick Lamar | Drake
96%
247 Uptown Funk Mark Ronson | Bruno Mars
96%
342 Leave the Door Open Silk Sonic | Bruno Mars | Anderson Paak
96%
500 Fair Trade Travis Scott | Drake
96%
176 MIA Bad Bunny | Drake
95%
319 Look Alive BlocBoy JB | Drake
95%
9 No Guidance Chris Brown | Drake
95%
429 10,000 Hours Dan + Shay | Justin Bieber
95%
115 I'm The One DJ Khaled | Justin Bieber | Quavo
95%
243 Let Me Love You DJ Snake | Justin Bieber
95%
3 God's Plan Drake
95%
21 Nice For What Drake
95%
25 In My Feelings Drake
95%
26 Nonstop Drake
95%
41 Passionfruit Drake
95%
74 Wants and Needs Drake
95%
81 Best I Ever Had Drake
95%
126 Controlla Drake
95%
132 Knife Talk Drake
95%
204 Marvins Room Drake
95%
232 Laugh Now Cry Later Drake
95%
236 Hotline Bling Drake
95%
257 Too Good Drake
95%
261 Headlines Drake
95%
274 Jimmy Cooks Drake
95%
281 Hold On, We're Going Home Drake
95%
294 Fake Love Drake
95%
385 Teenage Fever Drake
95%
417 Toosie Slide Drake
95%
433 Rich Flex Drake | 21 Savage
95%
373 Way 2 Sexy Drake | Future
95%
399 Chicago Freestyle Drake | GIVEON
95%
418 Girls Want Girls Drake | Lil Baby
95%
128 Money Om The Grave Drake | Rick Ross
95%
6 One Dance Drake | Wizkid | Kyla
95%
42 WAIT FOR U Future | Drake
95%
49 Life is Good Future | Drake
95%
217 Love Yourself Justin Bieber
95%
238 Sorry Justin Bieber
95%
486 What Do You Mean? Justin Bieber
95%
288 Peaches Justin Bieber | Daniel Caeser
95%
425 Baby Justin Bieber | Ludacris
95%
112 Intentions Justin Bieber | Quavo
95%
39 Yes Indeed Lil Baby | Drake
95%
321 Love Me Lil Wayne | Drake
95%
54 Despacito Luis Fonsi | Daddy Yankee | Justin Bieber
95%
442 Cold Water Major Lazer | MO | Justin Bieber
95%
322 What Lovers Do Maroon 5 | SZA
95%
32 Going Bad Meek Mill | Drake
95%
130 Umbrella Rihanna | JAY-Z
95%
14 STAY The Kid LAROI | Justin Bieber
95%
50 lovely Billie Eilish | Khalid
94%
93 Wild Thoughts DJ Khaled | Rihanna
94%
85 Lose Yourself Eminem
94%
203 Without Me Eminem
94%
298 The Real Slim Shady Eminem
94%
360 'Till I Collapse Eminem
94%
407 Mockingbird Eminem
94%
82 Girls Like You Maroon 5 | Cardi B
94%
119 Someone Like You Adele
93%
144 Hello Adele
93%
168 Easy On Me Adele
93%
228 Rolling in the Deep Adele
93%
369 Set Fire to the Rain Adele
93%
374 When We Were Young Adele
93%
234 Crazy in Love Beyonce | JAY-Z
93%
178 This Is What You Came For Calvin Harris | Rihanna
93%
397 Rain On Me Lady Gaga | Ariana Grande
93%
371 Payphone Maroon 5 | Wiz Khalifa
93%
121 Needed Me Rihanna
93%
122 Love on the Brain Rihanna
93%
406 Diamonds Rihanna
93%
297 We Found Love Rihanna | Calvin Harris
93%
347 Stay Rihanna | Mikky Ekko
93%
293 Cold Heart Elton John | Dua Lipa
92%
10 bad guy Billie Eilish
91%
58 when the party's over Billie Eilish
91%
86 everything i wanted Billie Eilish
91%
124 ocean eyes Billie Eilish
91%
267 BIRDS OF A FEATHER Billie Eilish
91%
331 bury a friend Billie Eilish
91%
356 Happier Than Ever Billie Eilish
91%
358 idontwannabeyouanymore Billie Eilish
91%
494 bellyache Billie Eilish
91%
343 Levitating Dua Lipa | DaBaby
91%
283 Ni**as in Paris JAY-Z | Kanye West
91%
214 Sugar Maroon 5
91%
237 Memories Maroon 5
91%
470 Moves Like Jagger Maroon 5 | Christina Aguilera
91%
76 Senorita Shawn Mendes | Camila Cabello
91%
19 7 rings Ariana Grande
90%
22 thank u, next Ariana Grande
90%
157 no tears left to cry Ariana Grande
90%
167 positions Ariana Grande
90%
330 break up with your girlfriend, im bored Ariana Grande
90%
376 God is a woman Ariana Grande
90%
159 Viva La Vida Coldplay
90%
197 Yellow Coldplay
90%
403 A Sky Full of Stars Coldplay
90%
90 All the Stars Kendrick Lamar | SZA
90%
60 Old Town Road Lil Nas X | Billy Ray Cyrus
90%
145 One Kiss Calvin Harris | Dua Lipa
89%
75 As It Was Harry Styles
89%
78 Watermelon Sugar Harry Styles
89%
231 Adore You Harry Styles
89%
295 Sign of the Times Harry Styles
89%
241 Billie Jean Michael Jackson
89%
5 rockstar Post Malone | 21 Savage
89%
36 Congratulations Post Malone | Quavo
89%
153 Goodbyes Post Malone | Young Thug
89%
156 Bohemian Rhapsody Queen
89%
395 Another One Bites the Dust Queen
89%
190 Flowers Miley Cyrus
88%
212 Party In the U.S.A. Miley Cyrus
88%
28 Circles Post Malone
88%
35 Better Now Post Malone
88%
47 Wow. Post Malone
88%
56 I Fall Apart Post Malone
88%
172 White Iverson Post Malone
88%
396 Candy Pain Post Malone
88%
447 Go Flex Post Malone
88%
375 I Had Some Help Post Malone | Morgan Wallen
88%
4 Sunflower (Spider-Man: Into the Spiderverse) Post Malone | Swae Lee
88%
65 Psycho Post Malone | Ty Dolla $ign
88%
48 Havana Camila Cabello | Young Thug
87%
46 New Rules Dua Lipa
87%
62 Don't Start Now Dua Lipa
87%
202 IDGAF Dua Lipa
87%
450 Taki Taki DJ Snake | Selena Gomez | Ozuna | Cardi B
86%
292 Empire State of Mind JAY-Z | Alicia Keys
86%
180 Love Galore SZA | Travis Scott
86%
268 See You Again (not by Tyler the Creator) Wiz Khalifa | Charlie Puth
86%
15 HUMBLE. Kendrick Lamar
85%
177 Not Like Us Kendrick Lamar
85%
193 Money Trees Kendrick Lamar
85%
270 LOYALTY. Kendrick Lamar
85%
449 Bitch, Don't Kill My Vibe Kendrick Lamar
85%
194 DNA. Kendrick Lamar | Jay Rock
85%
55 LOVE. Kendrick Lamar | Zacari
85%
483 Hips Don't Lie Shakira | Wyclef Jean
85%
218 In da Club 50 Cent
84%
344 Father Stretch My Hands (pt 1) Kanye West
84%
365 Heartless Kanye West
84%
383 Stronger Kanye West
84%
408 All of the Lights Kanye West
84%
484 Flashing Lights Kanye West | Dwele
84%
263 Gold Digger Kanye West | Jamie Foxx
84%
100 All I Want for Christmas Is You Mariah Carey
84%
246 MotorSport Migos | Nicki Minaj | Cardi B
84%
300 Espresso Sabrina Carpenter
84%
223 The London Young Thug | J. Cole | Travis Scott
84%
345 Halo Beyonce
83%
390 Titanium David Guetta | Sia
83%
30 I Like It Cardi B | Bad Bunny
82%
253 INDUSTRY BABY Lil Nas X | Jack Harlow
82%
250 Smells Like Teen Spirit Nirvana
82%
98 drivers license Olivia Rodrigo
82%
108 good 4 u Olivia Rodrigo
82%
303 deja vu Olivia Rodrigo
82%
364 tratior Olivia Rodrigo
82%
451 Chandelier Sia
82%
359 Cheap Thrills Sia | Sean Paul
82%
409 pick up the phone Young Thug | Travis Scott
82%
142 ZEZE Kodak Black | Offset | Travis Scott
81%
468 Sky Walker Travis Scott | Miguel
81%
105 WAP Cardi B | Megan Thee Stallion
80%
106 Kiss Me More Doja Cat | SZA
80%
206 Take Me To Church Hozier
80%
7 SICKO MODE Travis Scott
80%
13 goosebumps Travis Scott
80%
33 HIGHEST IN THE ROOM Travis Scott
80%
66 BUTTERFLY EFFECT Travis Scott
80%
404 YOSEMITE Travis Scott
80%
445 Stargazing Travis Scott
80%
279 Slide Calvin Harris | Frank Ocean | Migos
78%
96 Bodak Yellow Cardi B
78%
327 Money Cardi B
78%
72 Thunder Imagine Dragon
78%
11 Closer The Chainsmokers | Halsey
78%
104 Shallow Lady Gaga | Bradley Cooper
76%
266 Silence Marshmello | Khalid
76%
337 There's Nothing Holdin' Be Back Shawn Mendes
76%
413 Stitches Shawn Mendes
76%
245 Thunderstruck AC/DC
75%
308 Back in Black AC/DC
75%
497 Wolves Selena Gomez | Marshmello
75%
29 Lucid Dreams Juice WRLD
74%
135 All Girls Are the Same Juice WRLD
74%
170 Armed and Dangerous Juice WRLD
74%
286 Robbery Juice WRLD
74%
448 Lean Wit Me Juice WRLD
74%
248 Bandit Juice WRLD | YoungBoy Never Broke Again
74%
198 CAN'T STOP THE FEELING Justin Timberlake
74%
73 Snooze SZA
73%
99 Good Days SZA
73%
181 Kill Bill SZA
73%
264 The Weekend SZA
73%
349 Broken Clocks SZA
73%
414 I Hate U SZA
73%
173 Titi Me Pregunto Bad Bunny
72%
239 Vete Bad Bunny
72%
367 Moscow Mule Bad Bunny
72%
256 Me Porto Bonito Bad Bunny | Chencho Corleone
72%
129 DAKITI Bad Bunny | JHAYCO
72%
259 Callaita Bad Bunny | Tainy
72%
34 Dynamite BTS
72%
252 Butter BTS
72%
304 We Don't Talk Anymore Charlie Puth
72%
313 Attention Charlie Puth
72%
362 LA CANCION J Balvin | Bad Bunny
72%
401 Te Bote Nio Garcia | Bad Bunny | Darell | Ozuna | Nicky Jam | Casper Magico
72%
53 Something Just Like This The Chainsmokers
71%
207 Don't Let Me Down The Chainsmokers | Daya
71%
160 Yeah! USHER | Lil Jon | Ludacris
71%
393 Africa Toto
70%
133 Roll in Peace Kodak Black | XXXTENTACION
68%
333 1-800-273-8255 Logic | Alessia Cara | Khalid
67%
438 I Want It That Way Backstreet Boys
66%
416 Somebody That I Used to Know Gotye | Kimbra
66%
277 All of Me John Legend
66%
127 Mr. Brightside The Killers
66%
89 ROCKSTAR DaBaby | Roddy Ricch
65%
354 Drankin N Smokin Future | Lil Uzi Vert
65%
301 Sweet Child O' Mine Guns 'n Roses
65%
111 Power Trip J. Cole | Miguel
65%
394 Wake Me Up Avicii
64%
83 Young Dumb & Broke Khalid
64%
88 Location Khalid
64%
92 Better Khalid
64%
161 Talk Khalid | Disclosure
64%
123 Happier Marshmello | Bastille
64%
357 Counting Stars One Republic
64%
430 I Ain't Worried One Republic
64%
38 For The Night Pop Smoke | Lil Baby | Dababy
64%
113 Too Good at Goodbyes Sam Smith
64%
310 Dancing With A Stranger Sam Smith | Normani
64%
392 Iris The Goo Goo Dolls
64%
69 SAD! XXXTENTACION
64%
150 Moonlight XXXTENTACION
64%
175 Jocelyn Flores XXXTENTACION
64%
377 Look At me! XXXTENTACION
64%
458 changes XXXTENTACION
64%
84 F**k Love XXXTENTACION | Trippie Redd
64%
287 Hotel California Eagles
63%
249 Can't Hold Us Macklemore | Ryan Lewis | Ray Dalton
63%
260 Stressed Out twenty one pilots
63%
315 Need to Know Doja Cat
62%
444 Say So Doja Cat
62%
496 Woman Doja Cat
62%
452 It Ain't Me Kygo | Selena Gomez
62%
233 Don't Stop Believin' (2024 Remaster) Journey
61%
94 Bad and Boujee Migos | Lil Uzi Vert
61%
320 Wonderwall (Remastered) Oasis
61%
435 Lose You to Love Me Selena Gomez
61%
37 Mask Off Future
60%
191 March Madness Future
60%
227 Stick Talk Future
60%
493 F**k Up Some Commas Future
60%
457 Summertime Sadness Lana Del Rey
60%
20 Someone You Loved Lewis Capaldi
60%
348 Before You Go Lewis Capaldi
60%
469 Do I Wanna Know? Arctic Monkeys
59%
139 Go Crazy Chris Brown | Young Thug
59%
209 Pink + White Frank Ocean
59%
254 Thinkin Bout You Frank Ocean
59%
386 Nights Frank Ocean
59%
437 Ivy Frank Ocean
59%
478 Lost Frank Ocean
59%
27 No Role Modelz J. Cole
59%
102 MIDDLE CHILD J. Cole
59%
182 Wet Dreamz J. Cole
59%
276 Work Out J. Cole
59%
326 Neighbors J. Cole
59%
388 Deja Vu J. Cole
59%
412 Kevin's Heart J. Cole
59%
179 Baby (not by J.B.) Quality Control | Lil Baby | DaBaby
59%
16 Dance Monkey Tones and I
58%
158 X 21 Savage | Metro Boomin
57%
318 FEFE 6ix9ine | Nicki Minaj
57%
155 Eastside benny blanco | Halsey
57%
235 Oh Okay Gunna | Young Thug | Lil Baby
57%
63 Without Me Halsey
57%
389 Bad at Love Halsey
57%
324 In the End LINKIN PARK
57%
405 Numb LINKIN PARK
57%
230 Lean On Major Lazer | DJ Snake
57%
136 Ballin' Mustard | Roddy Ricch
57%
290 High Fashion Roddy Ricch | Mustard
57%
499 Shoota Playboi Carti | Lil Uzi Vert
55%
346 No Scrubs TLC
55%
426 Bad Bad Bad Young Thug | Lil Baby
55%
52 Bank Account 21 Savage
54%
143 a lot 21 Savage
54%
384 Sold Out Dates Gunna | Lil Baby
54%
23 Drip Too Hard Lil Baby | Gunna
54%
350 Promiscuous Nelly Furtado | Timbaland
54%
185 Riptide Vance Joy
54%
255 3 Headed Goat Lil Durk | Lil Baby | Polo G
53%
31 XO TOUR Llif3 Lil Uzi Vert
53%
353 Money Longer Lil Uzi Vert
53%
398 Erase Your Social Lil Uzi Vert
53%
491 You Was Right Lil Uzi Vert
53%
219 The Way Life Goes Lil Uzi Vert | Oh Wonder
53%
423 Heartless Diplo | Morgan Wallen
52%
487 September Earth, Wind & Fire
51%
382 Love Me Like You Do Ellie Goulding
51%
118 Dreams Fleetwood Mac
51%
485 The Chain Fleetwood Mac
51%
17 Freestyle Lil Baby
51%
40 Sum 2 Prove Lil Baby
51%
101 Woah Lil Baby
51%
162 Low Down Lil Baby
51%
208 Emotionally Scarred Lil Baby
51%
224 In A Minute Lil Baby
51%
336 Close Friends Lil Baby
51%
355 Pure Cocaine Lil Baby
51%
480 On Me Lil Baby
51%
284 We Paid Lil Baby | 42 Dugg
51%
251 7 Years Lukas Graham
51%
67 Last Night Morgan Wallen
51%
68 Chasin' You Morgan Wallen
51%
141 Wasted On You Morgan Wallen
51%
152 Whiskey Glasses Morgan Wallen
51%
226 You Proof Morgan Wallen
51%
229 More Than My Hometown Morgan Wallen
51%
302 Cover Me Up Morgan Wallen
51%
323 7 Summers Morgan Wallen
51%
381 Thinkin' Bout Me Morgan Wallen
51%
103 Suge DaBaby
49%
184 BOP DaBaby
49%
24 Unforgettable French Montana | Swae Lee
49%
18 The Box Roddy Rich
49%
117 Under the Influence Chris Brown
47%
460 Rockabye Clean Bandit | Sean Paul | Anne-Marie
47%
77 Heat Waves Glass Animals
47%
240 Truth Hurts Lizzo
47%
215 Walk It Talk It Migos
47%
222 High Hopes Panic! At the Disco
47%
116 Redbone Childish Gambino
45%
466 Pumped Up Kicks Foster the People
45%
273 Mood Swings Pop Smoke | Lil Tjay
45%
312 A Bar Song (Tipsy) Shaboozey
45%
481 See You Again Tyler, the Creator | Kali Uchis
45%
138 What You Know Bout Love Pop Smoke
43%
196 Dior Pop Smoke
43%
154 Sweater Weather The Neighbourhood
43%
400 Juicy (2005 Remaster) The Notorious B.I.G
43%
431 Hypnotize (2007 Remaster) The Notorious B.I.G.
43%
498 I'm Yours Jason Mraz
42%
148 Meant to Be Bebe Rexha | Flo Rida
41%
299 Beautiful Things Benson Boone
41%
492 Cake By the Ocean DNCE
41%
43 Believer Imagine Dragons
41%
366 Whatever It Takes Imagine Dragons
41%
61 Beautiful Crazy Luke Combs
41%
169 When It Rains It Pours Luke Combs
41%
189 Hurricane Luke Combs
41%
195 She Got the Best of Me Luke Combs
41%
269 Forever After All Luke Combs
41%
443 Fast Car Luke Combs
41%
482 Beer Never Broke My Heart Luke Combs
41%
464 Space Cadet Metro Boomin | Gunna
41%
387 Faded Alan Walker
39%
332 Sweet but Psycho Ava Max
39%
391 Work From Home Fifth Harmony | Ty Dolla $ign
39%
216 Sativa Jhene Aiko | Swae Lee
39%
335 Sucker Jonas Brothers
39%
475 Cash Shit Megan Thee Stallion
39%
140 Ric Flair Drip Offset | Metro Boomin
39%
379 Lose Control Teddy Swims
39%
114 Drowning A Boogie with da Hoodie | Kodak Black
38%
174 Tunnel Vision Kodak Black
38%
134 No Flockin Kodak Black
38%
325 Super Gremlin Kodak Black
38%
439 Calling My Spirit Kodak Black
38%
213 Taste Tyga | Offset
38%
278 Digits Young Thug
38%
341 Check Young Thug
38%
463 The Less I Know the Better Tame Impala
37%
361 Another Love Tom Odell
37%
171 Swervin A Boogie wit da Hoodie | 6ix9ine
36%
352 Black Beatles Rae Sremmurd | Gucci Mane
36%
378 Something in the Orange Zach Bryan
36%
95 Say You Won't Let Go James Arthur
35%
495 Me, Myself & I G-Eazy | Bebe Rexha
34%
166 Sure Thing Miguel
34%
242 Pop Out Polo G | Lil Tjay
34%
306 HEARTBREAK ANNIVERSARY GIVEON
33%
479 I Took a Pill in Ibiza Mike Posner | Seeb
33%
186 Martin & Gina Polo G
33%
280 RAPSTAR Polo G
33%
372 No Limit G-Eazy | A$AP Rocky
32%
490 Pursuit of Happiness Kid Cudi | MGMT
32%
329 Stay Zedd | Alessia Cara
32%
258 Feel It Still Portugal. The Man
30%
314 Magnolia Playboi Carti
29%
296 The Middle Zedd | Maren Morris
29%
244 I Get the Bag Gucci Mane
28%
307 The Night We Met Lord Huron
28%
210 Murder on My Mind YNW Melly
28%
434 Ransom Lil Tecca
27%
432 Dreams and Nightmares Meek Mill
27%
205 Mood 24kGoldn | iann dior
25%
311 Youngblood 5 Seconds of Summer
24%
427 Praise the Lord A$AP Rocky | Skepta
24%
71 Tennessee Whiskey Chris Stapleton
24%
461 Tequila Dan + Shay
22%
488 Speechless Dan + Shay
22%
489 Blueberry Faygo Lil Mosey
21%
339 Mo Bamba Sheck Wes
21%
164 Look Back at It A Boogie wit da Hoodie
20%
309 Jungle A Boogie wit da Hoodie
20%
70 Best Part Daniel Caesar | H-E-R
20%
146 Get You Daniel Caeser | Kali Uchis
20%
45 Don't Bryson Tiller
19%
419 F.N Lil Tjay
18%
338 Let Me Love You Mario
18%
305 Back in Blood Pooh Shiesty | Lil Durk
18%
380 The Worst Jhene Aiko
17%
351 Baby Shark Pinkfong
16%
211 Kacey Talk YoungBoy Never Broke Again
16%
402 Valuable Pain YoungBoy Never Broke Again
16%
420 Outside Today YoungBoy Never Broke Again
16%
446 Slime Belief YoungBoy Never Broke Again
16%
453 Let You Down NF
15%
87 Exchange Bryson Tiller
14%
467 Danza Kuduro Don Omar | Lucenzo
14%
436 Boo'd Up Ella Mai
14%
465 Astronaut In The Ocean Masked Wolf
14%
368 Body Like a Back Road Sam Hunt
13%
476 ROXANNE Arizona Zervas
12%
272 Roses (Imanbek Remix) SAINt JHN
11%
370 Mine Bazzi
9%
282 Be Alright Dean Lewis
9%
289 You Make It Easy Jason Aldean
9%
334 Crew GoldLink | Brent Faiyaz | Shy Glizzy
8%
474 Girls Need Love Summer Walker
7%
455 First Day Out Tee Grizzley
7%
340 Body Loud Luxury | brando
5%
472 Ride It Regard
5%
440 Ao To Natsu Mrs. GREEN APPLE
3%
91 夜に駆ける YOASOBI
3%
291 Idol YOASOBI
3%
415 Gunjou YOASOBI
3%
471 Hakujitsu King Gnu
2%
275 Kaiju no Hanauta VAUNDY
2%
363 Marigold Aimyon
1%
316 Heaven Kane Brown
1%
199 Pretender OFFICIAL HIGE DANDISM
1%
428 Subtitle OFFICIAL HIGE DANDISM
1%
147 Dried Flower Yuuri
1%
No matching quizzes found
Score Distribution
Percent of People with Each Score
Percentile by Number Answered
Your Score History
You have not taken this quiz since the last reset